000 00808cam a2200229 a 4500
001 12938591
005 20180213080442.0
008 020920s2004 maua b 001 0 eng
010 _a 2002034364
020 _a0321156803
040 _aDLC
_cDLC
_dDLC
041 _aeng
080 _a372.7 BIL
082 0 0 _a372.7 BIL
_221
100 1 _a47
101 _aEDU
245 1 2 _aA problem solving approach to mathematics for elementary school teachers /
_cRick Billstein, Shlomo Libeskind, Johnny W. Lott.
504 _aIncludes bibliographical references and index.
906 _a7
_bcbc
_corignew
_d1
_eocip
_f20
_gy-gencatlg
942 _2ddc
_cBK
999 _c42400
_d42400